000 01508nam0a2200361 4500
001 RU\NLR\BIBL_A\022708054
005 20260426080526.0
010 _a978-5-00227-625-7
_9100
021 _aRU
_bКН-П-25-074570
_9КН-П-25-7233
035 _a(NLR Aleph) 022708054
090 _a13696407
_c13696407
100 _a20260123d2025 u y0rusy50 ca
101 0 _arus
102 _aRU
105 _aac z 000zy
181 0 _ai3
_baxxe
182 0 _an
200 1 _aОб ирландском сеттере и не только
_fЕ. Н. Смирнов
203 _aТекст
_bвизуальный
_cнепосредственный
210 _aМосква
_cСам Полиграфист
_d2025
215 _a127 с.
_cил., табл., портр.
_d21
320 _aБиблиогр. в тексте и в подстроч. примеч.
606 1 _aИрландские сеттеры
_91232772
_3RU\NLR\AUTH\66502830
606 1 _aЛегавые собаки
_xДрессировка
_91493284
_3RU\NLR\AUTH\66643642
606 1 _aЛегавые собаки
_xПолевые испытания
_91493291
_3RU\NLR\AUTH\66643649
686 1 _aП673.39 Ирландский сеттер
686 1 _aП673.39 Легавая-5
686 1 _aП673.8
700 1 _7ca
_8rus
_aСмирнов
_bЕ. Н.
_cэксперт-кинолог
_gЕвгений Николаевич
_92705621
_3RU\NLR\AUTH\770292468
942 _cBOOK
980 _aNB